Territorio y población (Registro nro. 6834)

Detalles MARC
000 -CABECERA
Campo de control 00667nam a2200229 a 4500
005 - FECHA Y HORA DE LA ULTIMA TRANSACCION
Campo de control 20160121133858.0
008 - ELEMENTOS DE LONGITUD FIJA—INFORMACION GENERAL
Campo de control 160121s2003 ck ab gr|||| 000 0 spa d
020 ## - ISBN
ISBN 9475418
040 ## - FUENTE DE CATALOGACIÓN
Agencia catalogadora original CO-BoIAVH
Agencia transcriptora CO-BoIAVH
041 0# - IDIOMA
Código de idioma para texto/pista de sonido o título separado Español
044 ## - PAÍS DE PUBLICACIÓN
País de publicación Colombia
082 04 - NUMERO DE CLASIFICACION DECIMAL DEWEY
Número de clasificación 930.0091
Número del ítem C41t
100 1# - ASIENTO PRINCIPAL--NOMBRE PERSONAL
Nombre personal Cerón Rengifo, Patricia
9 (RLIN) 53356
245 10 - MENCION DE TITULO
Título Territorio y población
260 ## - PUBLICACION, DISTRIBUCION, ETC. (PIE DE IMPRENTA)
Lugar de publicación, distribución, etc. Popayán :
Nombre del editor, distribuidor, etc. Universidad del Cauca,
Fecha de publicación, distribución, etc. 2003.
300 ## - DESCRIPCION FISICA
Extensión 102 páginas :
Otros detalles físicos Ilustraciones, mapas ;
Dimensiones 30 x 22 cm.
650 #6 - ASIENTO SECUNDARIO DE MATERIA - TERMINO TEMATICO
Término temático o nombre geográfico como elemento de entrada Territorio
9 (RLIN) 53357
650 #6 - ASIENTO SECUNDARIO DE MATERIA - TERMINO TEMATICO
Término temático o nombre geográfico como elemento de entrada Etnoeducación
9 (RLIN) 8834
650 #6 - ASIENTO SECUNDARIO DE MATERIA - TERMINO TEMATICO
Término temático o nombre geográfico como elemento de entrada Regiones naturales
9 (RLIN) 7096
700 1# - ASIENTO SECUNDARIO - NOMBRE PERSONAL
Nombre personal Mendoza Vargas, Martha
9 (RLIN) 10487
942 ## - ELEMENTOS ADICIONALES (KOHA)
Tipo de ítem Libro
Sistema de clasificación Dewey Decimal Classification
Existencias
Withdrawn status Lost status Sistema de Clasificación Damaged status No para préstamo Colección Inventariado Ubicación Permanente Ubicación actual Fecha de adquisición Fuente de Valor Valor Total Checkouts Número topográfico Inventario / Código de Barras Date last seen Ejemplar Price effective from Forma de adquisición Tipo de material
    Dewey Decimal Classification     General Inventariado 2017 Bogotá Bogotá 14/05/2009 Instituto 15000.00   LB-930.0091 C41t 026992 04/12/2012 Ej.1 04/12/2012   Libro